000 00841nam a22002537a 4500
003 OSt
005 20220924113645.0
006 a|||||r|||| 00| 0
007 ta
008 220923b |||||||| |||| 00| 0 eng d
024 _a150468
037 _cGeneral Books
040 _aARTS
_cARTS
_beng
041 _2eng
_aeng
082 _aY131u26254c5, J8;1
100 _aBhattacharjee J. P
_9170315
245 0 _aSahajapur
_b socio-economic study of a West Bengal village
260 _aNA
_bNA
_c1958
300 _ap.
490 _aS. Studies in rural change. Studies in rural change. Studies in rural change. Studies in rural change,. Studies in rural change. Studies in rural change
650 _aSOCIOLOGY
942 _hY131u26254c5, J8;1
_cGB
_2CC
999 _c390353
_d390353